000 00308cam a22001097a 4500
008 180718b1993 xxu||||| |||| 00| 0 eng d
082 _aB71103x5411 A/1993
100 _aOrissa. Law Department
245 _aOrissa panchayat samiti (amendment) act, 1993
260 _aCuttack
_bThe author
_c1993
300 _av.p.
999 _c488571
_d488571